[Event "Hamar op"]
[Site "Hamar"]
[Date "2008.10.02"]
[Round "3"]
[White "Brobakken, Geir"]
[Black "Langmyr, Asbjorn"]
[Result "1-0"]
[WhiteElo "1676"]
[BlackElo "1450"]
[PlyCount "51"]
[EventDate "2008.09.04"]
[EventType "swiss"]
[EventRounds "7"]
[EventCountry "NOR"]
[SourceTitle "EXT 2024"]
[Source "ChessBase"]
[SourceDate "2023.10.10"]
[SourceVersion "1"]
[SourceVersionDate "2023.10.10"]
[SourceQuality "1"]

1. e4 e6 2. d4 d5 3. Nc3 Bb4 4. e5 c5 5. a3 cxd4 6. axb4 dxc3 7. bxc3 Ne7 8. Nf3 h6 9. Be3 b6 10. Bb5+ Bd7 11. Bxd7+ Nxd7 12. Bd4 0-0 13. 0-0 Qc7 14. Qd3 Rfc8 15. Ra2 Ng6 16. Qe3 a5 17. Rfa1 Ra6 18. Qe2 Rca8 19. g3 Ne7 20. Nd2 Nc6 21. f4 Nxd4 22. cxd4 Qa7 23. b5 Qb7 24. bxa6 Rxa6 25. Qb5 Nb8 26. Rxa5 1-0